| 000 | 02733nam0a2200409 4500 | ||
|---|---|---|---|
| 001 | RU\NLR\BIBL_A\022005942 | ||
| 005 | 20231004101731.0 | ||
| 021 |
_aRU _bАЛ-П-23-00499и _9АЛ-П-23-0106 |
||
| 035 | _a(NLR Aleph) 022005942 | ||
| 035 | _a(RuMoRGB)011845998 | ||
| 090 |
_a12468787 _c12468787 |
||
| 100 | _a20230816d2019 u y0rusy50 ca | ||
| 101 | 0 | _arus | |
| 102 | _aRU | ||
| 105 | _aa z 000zy | ||
| 181 | 0 |
_ab2 _bab2e |
|
| 181 | 0 |
_ai1 _baxxe |
|
| 182 | 0 | _an | |
| 200 | 1 |
_aДревний, многоликий православный Переславль _e[путеводитель _fЕрмакова Н. Н.] |
|
| 203 |
_aИзображение _aТекст _bвизуальные _cнепосредственные |
||
| 205 | _a[Изд. 4-е, доп. и испр.] | ||
| 210 |
_aПереславль-Залесский _c[б. и.] _d2019 |
||
| 215 |
_a46 с. _cцв. ил. _d23х23 |
||
| 320 | _aБиблиогр.: с. 44-45 | ||
| 330 | _aКнига написана в легкой и живой манере, адресована всем, кого влекут святыни старинных русских городов и история Русской православной церкви. Это издание представляет собой хорошо иллюстрированный путеводитель по монастырям, церквям и достопамятным местам одного из древнейших городов "Золотого кольца России"-Переславля-Залесского. В книге не только использован богатый архивный материал, раскрывающий малоизвестные факты по уничтожению храмов, но и опубликованы редкие дореволюционные фотографии с видами города и ныне несуществующих церквей | ||
| 606 | 1 |
_aЦеркви и соборы _yПереславль-Залесский, город (Ярославская область) _jПутеводители _2nlr_sh1 _2nlr_sh2 _3RU\NLR\AUTH\661429668 |
|
| 606 | 1 |
_aМонастыри _yПереславль-Залесский, город (Ярославская область) _jПутеводители _2nlr_sh1 _2nlr_sh2 _3RU\NLR\AUTH\661429670 |
|
| 675 |
_a908(470.316-21)(036) _v4 |
||
| 686 | 2 | _aЭ372.24-655.11я23 | |
| 686 | 2 | _aЭ372.24-647.2я23 | |
| 702 | 1 |
_aЕрмакова _bН. Н. _4220 |
|
| 942 | _cBOOK | ||
| 980 | _aNB | ||